Introduction to Mechatronic Design / (Record no. 16598)

MARC details
000 -LEADER
fixed length control field 01227cam a2200289 a 4500
001 - CONTROL NUMBER
control field 16435998
005 - DATE AND TIME OF LATEST TRANSACTION
control field 20110426135329.0
008 - FIXED-LENGTH DATA ELEMENTS--GENERAL INFORMATION
fixed length control field 100827s2011 njua b 001 0 eng
020 ## - INTERNATIONAL STANDARD BOOK NUMBER
International Standard Book Number 0136095216
020 ## - INTERNATIONAL STANDARD BOOK NUMBER
International Standard Book Number 9780136095217
040 ## - CATALOGING SOURCE
Original cataloging agency DLC
Transcribing agency DLC
Modifying agency DLC
082 00 - DEWEY DECIMAL CLASSIFICATION NUMBER
Classification number 621
Edition number 22
Item number CAR
100 1# - MAIN ENTRY--PERSONAL NAME
Personal name Carryer, J. Edward.
9 (RLIN) 29432
245 10 - TITLE STATEMENT
Title Introduction to Mechatronic Design /
Statement of responsibility, etc J. Edward Carryer, R. Matthew Ohline, Thomas W. Kenny.
260 ## - PUBLICATION, DISTRIBUTION, ETC. (IMPRINT)
Place of publication, distribution, etc Upper Saddle River :
Name of publisher, distributor, etc Prentice Hall,
Date of publication, distribution, etc c2011.
300 ## - PHYSICAL DESCRIPTION
Extent 808 p. :
Other physical details ill. ;
Dimensions 26 cm.
504 ## - BIBLIOGRAPHY, ETC. NOTE
Bibliography, etc Includes bibliographical references and index.
650 #0 - SUBJECT ADDED ENTRY--TOPICAL TERM
Topical term or geographic name as entry element Mechatronics.
9 (RLIN) 29433
653 ## - INDEX TERM--UNCONTROLLED
Resource For college
Arrived date list March2012
700 1# - ADDED ENTRY--PERSONAL NAME
Personal name Ohline, R. Matthew.
9 (RLIN) 29434
700 1# - ADDED ENTRY--PERSONAL NAME
Personal name Kenny, Thomas William.
9 (RLIN) 29435
942 ## - ADDED ENTRY ELEMENTS (KOHA)
Source of classification or shelving scheme Dewey Decimal Classification
Item type Book - Borrowing
Holdings
Withdrawn status Item status Source of classification or shelving scheme Damaged status Not for loan Vendor Home library Current library Shelving location Date acquired Source of acquisition Total Checkouts Total Renewals Full call number Barcode Date last seen Date last borrowed Koha item type
    Dewey Decimal Classification     Baccah Central Library Central Library First floor 21/03/2012   1 21 621 CAR 000026506 15/07/2025 22/04/2021 Book - Borrowing
    Dewey Decimal Classification     Baccah Central Library Central Library First floor 21/03/2012   1 27 621 CAR 000026507 15/07/2025 09/10/2012 Book - Borrowing
    Dewey Decimal Classification     Baccah Central Library Central Library First floor 21/03/2012       621 CAR 000026508 15/07/2025   Book - Borrowing